000 00219nam a22000857a 4500
008 161128b xxu||||| |||| 00| 0 eng d
100 _91488
_aKen ham
245 _aWar of the world views
260 _aAmerica
_bMaster books
_c2005
999 _c4213
_d4213